Operační systémy
Enregistré dans:
| Auteur principal: | |
|---|---|
| Autres auteurs: | |
| Format: | Livre |
| Langue: | tchèque |
| Publié: |
Praha
Státní nakladatelství technické literatury
1983
|
| Édition: | 2. rev. vyd. |
| Collection: | Knižnice výpočetní techniky
|
| Tags: |
Pas de tags, Soyez le premier à ajouter un tag!
|
MARC
| LEADER | 00000nam a2200000 4500 | ||
|---|---|---|---|
| 001 | c132038 | ||
| 005 | 20221207070132.6 | ||
| 041 | 0 | |a cze | |
| 044 | |a CZ | ||
| 245 | 1 | 0 | |a Operační systémy |c Stuart E. Madnick, John J. Donovan |
| 250 | |a 2. rev. vyd. | ||
| 264 | 1 | |a Praha |b Státní nakladatelství technické literatury |c 1983 | |
| 300 | |a 592 s. | ||
| 490 | 1 | |a Knižnice výpočetní techniky | |
| 830 | 0 | |a Knižnice výpočetní techniky | |
| 100 | 1 | |a Madnick, Stuart E. | |
| 700 | 1 | |a Donovan, John J. | |